| 000 | 00569nam a2200181 i 4500 | ||
|---|---|---|---|
| 001 | 146746 | ||
| 003 | ES-MaACL | ||
| 005 | 20260511145841.0 | ||
| 007 | t| | ||
| 008 | 070917s1969 sp ||||1| spa d | ||
| 100 |
_aTroyat, Henri, _d1911-2007 _9233580 |
||
| 245 | 1 | 3 |
_aEl cuaderno _b: los herederos del porvenir / _cpor Henri Troyat ; [traducción de Manuel Rosell]. |
| 260 |
_aBarcelona : _bPlaza & Janés, _c1969. |
||
| 300 |
_a302 p. ; _c19 cm. |
||
| 700 | 1 |
_aRossell Pesant, Manuel. _999688 |
|
| 852 |
_aES-MaACL _jC-39690 _bR.72106 |
||
| 999 |
_c146746 _d146746 |
||